01285nam a22001697a 4500008004100000020001800041040000800059050002200067100003600089245008000125260003500205300006100240520074200301650002101043650002401064655002701088251017b |||||||| |||| 00| 0 eng d a9781529146516 ctbs aHB615b.B377 2023 aBartlett, Stevend1992-eauthor aThe diary of a CEOb: the 33 laws of business and life c/ Steven Bartlett. aLondon : bEdbury Edge,c2023. a358 pages : billustrations (black and white) ; c24 cm. aAt the very heart of all the success and failure I've been exposed to - both my own entrepreneurial journey and through the thousands of interviews I've conducted on my chart-topping podcast - are a set of principles that ensure excellence. These fundamental laws underpinned my meteoric rise, and they will fuel yours too, whether you want to build something great or become someone great. The laws are rooted in psychology and behavioral science, in my own experiences, and those of the world's most successful entrepreneurs, entertainers, artists, writers, and athletes, who I've interviewed on my podcast. These laws will stand the test of time and will help anyone master their life and unleash their potential, no matter the field. 0aEntrepreneurship 0aSuccess in business 0aSelf-help publications